• 首页
  • 本馆介绍
  • 公告通知
  • 最新文献
  • 馆藏检索
  • 电子资源
  • 读者导购
  • 参考咨询
  • 我的图书馆
  • 登录
  • 详细信息显示
  • 放入我的书架
  • 预约/预借图书
  • 作者相关作品
  • 分类相关作品
  • 丛书相关作品
  • 出版社相关作品

书目信息

  • 表格格式
  • 工作单格式
  • 卡片格式
题名:
心理测试
    
 
作者: 克里普斯 , 斯普赖 著 ;黑尔斯顿 , 胡莉明 绘图
分册:  
出版信息: 上海   上海交通大学出版社  2015.01
页数: 243页
开本: 21cm
丛书名: 英汉对照管理丛书
单 册:
中图分类: B841.7
科图分类:
主题词: 心理测验
电子资源:
ISBN: 978-7-313-12332-9
000 01241oam2 2200313 450
001 0120151535578
005 20160614145405.53
010    @a978-7-313-12332-9@dCNY28.00
100    @a20150407d2015 em y0chiy50 ea
101 2  @achi@aeng@ceng
102    @aCN@b310000
105    @aa z 000yy
106    @ar
200 1  @a心理测试@9xin li ce shi@dPsychometric testing pocketbook@f(英)巴里·克里普斯(Barry Cripps),(英)多萝西·斯普赖(Dorothy Spry)著@g(英)菲尔·黑尔斯顿(Phil Hailstone)绘图@g胡莉明译@zeng
210    @a上海@c上海交通大学出版社@d2015.01
215    @a243页@c图@d21cm
225 2  @a英汉对照管理丛书@v9
330    @a本书介绍了如何在工作中使用心理测试,如何选择测试,并分别介绍了组织发展测试、团队测试、个人发展测试、职业咨询测试等不同类型的测试。
333    @a企业管理人员
461  0 @12001 @a英汉对照管理丛书@v9
510 1  @aPsychometric testing pocketbook@zeng
606 0  @a心理测验
690    @aB841.7@v5
701  0 @c(英)@a克里普斯@9ke li pu si@c(Cripps, Barry)@4著
701  0 @c(英)@a斯普赖@9si pu lai@c(Spry, Dorothy)@4著
702  0 @c(英)@a黑尔斯顿@9hei er si dun@c(Hailstone, Phil)@4绘图
702  0 @a胡莉明@9hu li ming@4译
801  0 @aCN@b人天书店@c20150407
905    @b879388-93@dB841.7@e1347@f6
    
    心理测试=Psychometric testing pocketbook/(英)巴里·克里普斯(Barry Cripps),(英)多萝西·斯普赖(Dorothy Spry)著/(英)菲尔·黑尔斯顿(Phil Hailstone)绘图/胡莉明译.-上海:上海交通大学出版社,2015.01
    243页:图;21cm.-(英汉对照管理丛书;9)
    使用对象:企业管理人员
    
    ISBN 978-7-313-12332-9:CNY28.00
    本书介绍了如何在工作中使用心理测试,如何选择测试,并分别介绍了组织发展测试、团队测试、个人发展测试、职业咨询测试等不同类型的测试。
●
相关链接 在E读中查询图书 在五车中查询图书 在当当中查询图书 在豆瓣中查询图书


正题名:心理测试     索取号:B841.7/1347         预约/预借

序号 登录号 条形码 馆藏地/架位号 状态 备注
1 879388   208793885   第一样本阅览室/ [索取号:B841.7/1347] 在馆    
2 879389   208793894   教育系资料室/ [索取号:B841.7/1347] 在馆    
3 879390   208793901   教育系资料室/ [索取号:B841.7/1347] 在馆    
4 879391   208793910   教育系资料室/ [索取号:B841.7/1347] 在馆    
5 879392   208793929   第一借阅区/ [索取号:B841.7/1347] 在馆    
6 879393   208793938   第一借阅区/ [索取号:B841.7/1347] 在馆    
唐山师范学院图书馆 欢迎您!
大连网信软件有限公司© 版权所有